000 00311nam a2200121Ia 4500
008 240719s9999 xx 000 0 und d
041 _aeng
082 _a233 KIS
100 _aKissinger, Henry A
245 _aThe Age Of AI And Our Human Future
260 _aLondon
_bJohn Murray
_c2021
300 _a256 P.; 28 Cm.
999 _c41127
_d41127